000 00371nam a2200133Ia 4500
005 20260328101501.0
008 260328s9999||||xx |||||||||||||| ||und||
100 _aJorgensen, Balslev
245 0 _aNeoclassical Architecture in Copenhagen y Athens /
_cBalslev Jorgensen
260 _bArchitectural Record
300 _a80 p.
650 _aARQUITECTURA MODERNA
942 _cBK
999 _c8954
_d8954